000 01486cad a2200373 a 4500
001 8861393
003 ARRUPE
005 20160912105941.0
006 m m
007 cr mnummmmuuuu
008 020522s1969 wiub sb 001 0 eng d
010 _a69017325
020 _a0299054047
035 _a(NyNyACL)HEB01348
035 _a(NNC)8861393
040 _aMiU
_cMiU
050 _aHT975.C8
090 _aHT975
_b(INTERNET)
100 1 _aCurtin, Philip D.
_924552
245 1 4 _aThe Atlantic slave trade
_ba census /
_cby Philip D. Curtin.
260 _aMadison :
_bUniversity of Wisconsin Press,
_c1969.
300 _axix, 338 p. :
_bmaps ;
_c22 cm.
500 _aIncludes index.
504 _aBibliography: p. 299-311.
533 _aElectronic text and image data.
_bAnn Arbor, Mich. :
_cUniversity of Michigan, Scholarly Publishing Office,
_d2002.
_eIncludes both TIFF files and keyword searchable text.
_f([ACLS Humanities E-Book])
_nMode of access: Intranet.
_nThis volume is made possible by a grant from the Andrew W. Mellon Foundation.
650 0 _aSlave trade
_xHistory.
_924553
655 0 _aElectronic books.
_924554
710 2 _aAmerican Council of Learned Societies.
_924555
773 0 _tACLS Humanities E-Book.
_nURL: http://www.humanitiesebook.org/
830 0 _aACLS Humanities E-Book (Series)
_917768
856 4 0 _uhttp://www.columbia.edu/cgi-bin/cul/resolve?clio8861393
_zClick here for full text.
942 _2lcc
_cMONOGRAPH
999 _c124833
_d124833